01429nam a2200325 a 4500001001200000003000800012006001900020007001500039008004100054020001800095020002700113040002100140035002100161050002400182100002600206245015000232250001200382260004400394300001600438505020100454533015200655650002700807650003700834655002900871700001900900700002500919710001600944710001700960856012600977ebr10460979CaPaEBRm u cr cn|||||||||110430s2011 dcu s 000 0 eng d z9780821384282 z9780821385555 (e-book) aCaPaEBRcCaPaEBR a(OCoLC)72435291914aHF5626b.G74 2011eb1 aGreuning, Hennie van.10aInternational financial reporting standardsh[electronic resource] :ba practical guide /cHennie van Greuning, Darrel Scott, Simonet Terblanche. a6th ed. aWashington, D.C. :bWorld Bank,cc2011. axii, 434 p.0 apt. 1. Introductory principles -- pt. 2. Group statements -- pt. 3. Statement of financial position/balance sheet -- pt. 4. Statement of comprehensive income/income statement -- pt. 5. Disclosure. aElectronic reproduction.bPalo Alto, Calif. :cebrary,d2011.nAvailable via World Wide Web.nAccess may be limited to ebrary affiliated libraries. 0aAccountingxStandards. 0aFinancial statementsxStandards. 7aElectronic books.2local1 aScott, Darrel.1 aTerblanche, Simonet.2 aWorld Bank.2 aebrary, Inc.40uhttp://site.ebrary.com/lib/rucke/Doc?id=10460979zAn electronic book accessible through the World Wide Web; click to view